Часть первая; Судебные уставы 20 ноября 1864 года

গ্রন্থ-পঞ্জীর বিবরন
Parent link:Судебные уставы 20 ноября 1864 года: в 5 ч..— , 1866-1867
সংক্ষিপ্ত:Заглавие с титульного экрана
Электронная версия печатной публикации
ভাষা:রুশ
প্রকাশিত:
বিষয়গুলি:
অনলাইন ব্যবহার করুন:http://www.lib.tpu.ru/fulltext/m/2009/consultant/sudeb_ustav_1.pdf
বিন্যাস: বৈদ্যুতিক গ্রন্থ
KOHA link:https://koha.lib.tpu.ru/cgi-bin/koha/opac-detail.pl?biblionumber=158911

MARC

LEADER 00000nlm2a2200000 4500
001 158911
005 20231101222054.0
035 |a (RuTPU)RU\TPU\book\172349 
090 |a 158911 
100 |a 20090429d1866 k y0rusy50 ca 
101 0 |a rus 
102 |a RU 
105 |a y z 000zy 
135 |a vrcn ---uucaa 
181 0 |a i  
182 0 |a b 
200 0 |a Часть первая  |b Электронный ресурс 
203 |a Текст  |c электронный 
230 |a 1 компьютерный файл (pdf; 163134 KB) 
300 |a Заглавие с титульного экрана 
300 |a Электронная версия печатной публикации 
337 |a Adobe Reader 
461 1 |0 (RuTPU)RU\TPU\book\172348  |t Судебные уставы 20 ноября 1864 года  |o в 5 ч.  |h Ч. 1  |d 1866-1867 
606 1 |a Судебные процессы  |x История  |2 stltpush  |3 (RuTPU)RU\TPU\subj\64975  |9 81640 
610 1 |a судебные уставы 
610 1 |a судопроизводство 
610 1 |a указы 
610 1 |a электронный ресурс 
686 |a Х2(2)5  |v LBC/SL-A  |2 rubbk 
801 1 |a RU  |b 63413507  |c 20090429  |g PSBO 
801 2 |a RU  |b 63413507  |c 20090525  |g PSBO 
856 4 |u http://www.lib.tpu.ru/fulltext/m/2009/consultant/sudeb_ustav_1.pdf 
942 |c CF